000 01342nam a2200277 a 4500
005 20070409094430.0
008 830907m19829999ii ab b 001 0 eng
010 _aENG-92682
020 _a8170174147
_c4000.00
035 _aEN-76215
037 _bDBAD / PUB
040 _adpl
_bEnglish
082 _a722.44
100 _aNath, R.
245 _aHistory of Mughal architecture /
_cby R. Nath.
260 _aNew Delhi :
_bAbhinav Publications
_c2005
270 _aE-37, Hauz Khas
_bNew Delhi
_e110016
300 _aVol.-IV, Pt.1 (526p).:
_bill. (some col.), maps ;
_c29 cm (Hb)
500 _aVol. <2 > has imprint: Atlantic Highlands, NJ : Humanities Press.
500 _aIncludes bibliographical references and indexes.
505 _av. 1. [without special title] -- v. 2. Akbar, 1556-1605 A.D., the age of personality architecture -- v. 3. The transitional phase of colour and design, Jehāngīr, 1605-1627 A.D. -- v. 4, pt. 1. The age of architectural aestheticism Shāh Jehān, 1628-1658 A.
650 _aArchitecture, Mogul.
650 _aArchitecture, Islamic
_zIndia.
942 _2ddc
_cEN
_h722.44
_mNAT
999 _c22609
_d22609